000 00404nam a22001697a 4500
003 OSt
005 20211119100008.0
008 211119b |||||||| |||| 00| 0 eng d
020 _a0805880054
040 _cHU
082 _a371/MCC
100 _aSUDIA PALOMA MCCALEB
_919483
245 _aBUILDING COMMUNITIES OF LEARNERS
260 _aAMERICA
_bLEA
_c1997
300 _a210P
942 _2ddc
_cBOOKS
_n0
999 _c19203
_d19203